Administrative Divisions of Colonial Brazil in 1534 with a Map - Statistics

General Stats
  • This quiz has been taken 1,749 times
  • The average score is 5 of 16
Answers on the Map
Answers color-coded by a green-red scale on the quiz's map according to % correct below.
 
Answer Stats
Captaincies % Correct
Rio de Janeiro
97%
Bahia
51%
Rio Grande
48%
Pernambuco
46%
Maranhão
39%
Espírito Santo
38%
Ceará
35%
Paraíba
31%
São Vicente
27%
Ilhéus
19%
Porto Seguro
18%
São Tomé
17%
São João
16%
Santana
15%
Itamaracá
14%
Santo Amaro
13%
No matching quizzes found
Score Distribution
Percent of People with Each Score
Percentile by Number Answered
Your Score History
You have not taken this quiz